Propuesta para el diseño del mobiliario de trabajo para el laboratorio dental de la corporación universitaria Rafael Núñez / (Registro nro. 5396)

Detalles MARC
000 -LEADER
fixed length control field 01726nam a2200289 a 4500
003 - CONTROL NUMBER IDENTIFIER
control field CO-CtgCURN
005 - DATE AND TIME OF LATEST TRANSACTION
control field 20250329165459.0
008 - FIXED-LENGTH DATA ELEMENTS--GENERAL INFORMATION
fixed length control field 161103s2017 000 0 eng d
040 ## - CATALOGING SOURCE
Original cataloging agency CO-CtgCURN
Language of cataloging spa
Transcribing agency coctgcurn
082 0# - DEWEY DECIMAL CLASSIFICATION NUMBER
Classification number MEC 2017
Item number M617
100 1# - MAIN ENTRY--PERSONAL NAME
Personal name Meza Gómez, Julieth del Carmen de.
245 10 - TITLE STATEMENT
Title Propuesta para el diseño del mobiliario de trabajo para el laboratorio dental de la corporación universitaria Rafael Núñez /
Statement of responsibility, etc. Julieth del Carmen de Meza Gómez; Katherin Michel Montes Ospino; Sonia Stefany de Arco Jiménez; Laura Tatiana González Salgado .
260 ## - PUBLICATION, DISTRIBUTION, ETC.
Place of publication, distribution, etc. Cartagena de Indias, D.T. :
Name of publisher, distributor, etc. Corporacion Universitaria "Rafael Nuñez",
Date of publication, distribution, etc. 2017.
300 ## - PHYSICAL DESCRIPTION
Extent 36 hojas.
336 ## - CONTENT TYPE
Source rdacontent
337 ## - MEDIA TYPE
Source rdamedia
Media type term sin mediacion
Media type code n
338 ## - CARRIER TYPE
Source rdacarrier
Carrier type term volumen
Carrier type code nc
502 ## - DISSERTATION NOTE
Dissertation note Trabajo de grado (Tecnologa en Mecanica Dental). Corporacion Universitaria "Rafael Nuñez" Facultad de Ciencias de la Salud. Programa de Tecnologia en Mecanica Dental, 2017.
520 ## - SUMMARY, ETC.
Summary, etc. "Existen investigaciones que afirman que la carga laboral, el tipo de actividad y el número de horas de exposición, dan lugar a la aparición de lesiones musculo esqueléticas en puestos de trabajo con un diseño deficiente"
650 #0 - SUBJECT ADDED ENTRY--TOPICAL TERM
Topical term or geographic name entry element Mecánica dental
General subdivision Tesis y Disertaciones academicas.
700 1# - ADDED ENTRY--PERSONAL NAME
Personal name Montes Ospino, Katherin Michel.
700 1# - ADDED ENTRY--PERSONAL NAME
Personal name Arco Jiménez, Sonia Stefany de .
700 1# - ADDED ENTRY--PERSONAL NAME
Personal name González Salgado, Laura Tatiana.
856 ## - ELECTRONIC LOCATION AND ACCESS
Uniform Resource Identifier <a href="https://unicurn.sharepoint.com/:b:/s/biblioteca/ESwSVrcy0CxGk9fHqi-f_G4Bbk8Cc3FZqJyvq8VKkuKxcA?e=43rEiX">https://unicurn.sharepoint.com/:b:/s/biblioteca/ESwSVrcy0CxGk9fHqi-f_G4Bbk8Cc3FZqJyvq8VKkuKxcA?e=43rEiX</a>
Public note Click aqui para ver el texto completo
942 ## - ADDED ENTRY ELEMENTS (KOHA)
Classification part MEC 2017
Item part M617
Source of classification or shelving scheme Dewey Decimal Classification
Koha item type Trabajos de grado
Existencias
Withdrawn status Lost status Source of classification or shelving scheme Damaged status Not for loan Collection Home library Current library Shelving location Date acquired Cost, normal purchase price Inventory number Total checkouts Full call number Barcode Date last seen Copy number Price effective from Koha item type
    Dewey Decimal Classification     Trabajos de grado Miguel Henríquez Emiliani Miguel Henríquez Emiliani Trabajo de grado 03/16/2018 35000.00 025075   MEC 2017 M617 025075 03/16/2018 1 03/16/2018 Trabajos de grado